Loading...
| Science - Biology | 0 | 3 | 0 | 0 | 30 | 37 | 59.00 | 0 | 1 | 0.00 | 0.00 |
| Science - Physics | 0 | 4 | 3 | 1 | 25 | 30 | 67.25 | 1 | 2 | 0.00 | 0.00 |
| Religion | 0 | 3 | 1 | 2 | 25 | 34 | 83.67 | 1 | 1 | 0.00 | 0.00 |
| Geography | 0 | 2 | 0 | 1 | 20 | 39 | 71.50 | 1 | 1 | 0.00 | 0.00 |
| Literature - American | 0 | 2 | 0 | 0 | 20 | 75 | 97.00 | 0 | 1 | 0.00 | 0.00 |
| Social Science | 0 | 2 | 0 | 0 | 20 | 60 | 76.00 | 0 | 1 | 0.00 | 0.00 |
| History - European | 0 | 2 | 1 | 1 | 15 | 30 | 73.50 | 0 | 1 | 0.00 | 0.00 |
| Mythology | 0 | 2 | 1 | 0 | 15 | 22 | 42.00 | 0 | 2 | 0.00 | 0.00 |
| History - World | 0 | 2 | 1 | 1 | 15 | 69 | 90.00 | 0 | 0 | 0.00 | 0.00 |
| Literature - European | 0 | 1 | 0 | 1 | 10 | 115 | 115.00 | 0 | 0 | 0.00 | 0.00 |
| History - Other | 0 | 1 | 0 | 0 | 10 | 69 | 69.00 | 0 | 0 | 0.00 | 0.00 |
| Science - Chemistry | 0 | 2 | 2 | 2 | 10 | 103 | 106.00 | 0 | 0 | 0.00 | 0.00 |
| History - American | 0 | 1 | 1 | 0 | 5 | 64 | 64.00 | 0 | 1 | 0.00 | 0.00 |
| Fine Arts - Classical Music | 0 | 0 | 0 | 0 | 0 | 0.00 | 0 | 0 | 0.00 | 0.00 | |
| Science - Other | 0 | 1 | 2 | 0 | 0 | 65 | 65.00 | 0 | 0 | 0.00 | 0.00 |
| Current Events | 0 | 0 | 1 | 0 | -5 | 0.00 | 0 | 0 | 0.00 | 0.00 |